Catalog

Record Details

Catalog Search



Výroční zpráva za rok .... / Institut Terezínské iniciativy Cover Image Serials and magazines Serials and magazines

Výroční zpráva za rok .... / Institut Terezínské iniciativy

Record details

  • Publisher: Praha : Institut Terezínské iniciativy, [1999?]-

Content descriptions

Source of Description Note:
Popsáno podle: Výroční zpráva za rok 2013
Genre: výroční zprávy

Available copies

  • 1 of 1 copy available at Common Catalog SPOK.

Holds

  • 0 current holds with 1 total copy.
Show Only Available Copies
Location Call Number / Copy Notes Barcode Shelving Location Status Due Date
Terezin Initiative Institute 6493 (rok 2013) 4594306493 Knihovna ITI Available -

LDR 00734nas a2200229 i 4500
00148523
003CZ-PrJAB
00520220803083557.0
007ta
008191011c19999999xr a p b0cze
035 . ‡a(CZ PrSKC)cpx008295311
040 . ‡aABE343 ‡bcze ‡erda
080 . ‡a316.344.8(=411.16) ‡2MRF
24500. ‡aVýroční zpráva za rok .... / ‡pInstitut Terezínské iniciativy
264 1. ‡aPraha : ‡bInstitut Terezínské iniciativy, ‡c[1999?]-
336 . ‡atext ‡btxt ‡2rdacontent
337 . ‡abez média ‡bn ‡2rdamedia
338 . ‡asvazek ‡bnc ‡2rdacarrier
588 . ‡aPopsáno podle: Výroční zpráva za rok 2013
655 7. ‡avýroční zprávy ‡7fd133860 ‡2czenas
910 . ‡aABE343 ‡qv ‡xkpw03582713 ‡bIZ389 ‡r2013 ‡wl
910 . ‡aABE340 ‡b6493
995 . ‡aska
901 . ‡a48523 ‡b ‡c48523 ‡tbiblio

Additional Resources